Statystyki dla Odgadnij państwo po jego pierwszej fladze

Kliknij tutaj aby rozwiązać quiz!

Ogólne statystyki

  • Ten quiz został rozwiązany 27 razy
  • Średni wynik to 8 z 15

Statystyki odpowiedzi

Odpowiedź% Poprawnych
Dania
100%
Portugalia
100%
Chiny
96%
Chorwacja
75%
Argentyna
71%
Japonia
58%
Mauretania
50%
Ukraina
46%
Tadżykistan
33%
Indie
29%
Mongolia
29%
Indonezja
25%
Meksyk
21%
Syria
21%
Somalia
4%

Rozkład punktacji

Percentyl według liczby udzielonych odpowiedzi

Procent ludzi z każdym wynikiem

Twoja historia wyników

Nie rozwiązałeś tego quizu